Reasentamiento en Colombia / (Registro nro. 5066)
[ vista simple ]
| 000 -LEADER | |
|---|---|
| fixed length control field | 01183nam a2200241Ia 4500 |
| 003 - CONTROL NUMBER IDENTIFIER | |
| control field | OSt |
| 005 - DATE AND TIME OF LATEST TRANSACTION | |
| control field | 20200513134342.0 |
| 008 - FIXED-LENGTH DATA ELEMENTS--GENERAL INFORMATION | |
| fixed length control field | 191128s2000 ck gr 000 0 spa d |
| 020 ## - INTERNATIONAL STANDARD BOOK NUMBER | |
| International Standard Book Number | 9589587690 |
| 040 ## - CATALOGING SOURCE | |
| Original cataloging agency | CO-JMCR |
| Transcribing agency | CO-JMCR |
| 041 0# - LANGUAGE CODE | |
| Language code of text/sound track or separate title | spa |
| 082 04 - DEWEY DECIMAL CLASSIFICATION NUMBER | |
| Classification number | 307.209861 / |
| Item number | P275r |
| Edition number | 23 |
| 100 1# - MAIN ENTRY--PERSONAL NAME | |
| Personal name | Partridge, William, |
| Relator term | editor |
| 9 (RLIN) | 4278 |
| 245 10 - TITLE STATEMENT | |
| Title | Reasentamiento en Colombia / |
| Statement of responsibility, etc. | editor William Partridge |
| 260 ## - PUBLICATION, DISTRIBUTION, ETC. | |
| Place of publication, distribution, etc. | Bogotá : |
| Name of publisher, distributor, etc. | Banco Mundial : Alto Comisionado de Naciones Unidas para refugiados, |
| Date of publication, distribution, etc. | 2000 |
| 300 ## - PHYSICAL DESCRIPTION | |
| Extent | 332 páginas ; |
| Dimensions | 24 cm. |
| 505 ## - FORMATTED CONTENTS NOTE | |
| Formatted contents note | Estudios de caso -- Consideraciones sobre políticas y gestión de reasentamiento de población desplazada |
| 520 ## - SUMMARY, ETC. | |
| Summary, etc. | El reasentamiento es una de las soluciones ofrecidas por el Gobierno de Colombia a los desplazados por la violencia, a la gente afectada que no puede regresar a sus lugares de origen en el futuro cercano y que no quiere permanecer en los cinturones. |
| 650 14 - SUBJECT ADDED ENTRY--TOPICAL TERM | |
| Topical term or geographic name entry element | Desplazados por la violencia |
| General subdivision | Asistencia social |
| Geographic subdivision | Colombia |
| 9 (RLIN) | 4279 |
| 650 24 - SUBJECT ADDED ENTRY--TOPICAL TERM | |
| Topical term or geographic name entry element | Desplazados por la violencia |
| General subdivision | Proyectos |
| Geographic subdivision | Colombia |
| 9 (RLIN) | 4280 |
| 650 24 - SUBJECT ADDED ENTRY--TOPICAL TERM | |
| Topical term or geographic name entry element | Asentamientos humanos |
| General subdivision | Política pública |
| Geographic subdivision | Colombia |
| 9 (RLIN) | 4281 |
| 942 ## - ADDED ENTRY ELEMENTS (KOHA) | |
| Source of classification or shelving scheme | Dewey Decimal Classification |
| Koha item type | Books |
| Withdrawn status | Lost status | Source of classification or shelving scheme | Materials specified (bound volume or other part) | Damaged status | Not for loan | Home library | Current library | Shelving location | Date acquired | Source of acquisition | Cost, normal purchase price | Total Checkouts | Full call number | Barcode | Date last seen | Copy number | Price effective from | Koha item type |
|---|---|---|---|---|---|---|---|---|---|---|---|---|---|---|---|---|---|---|
| Dewey Decimal Classification | Donación--15/04/2018-- | Biblioteca Pública José María del Castillo y Rada | Biblioteca Pública José María del Castillo y Rada | General Stacks | 11/28/2019 | Donación | 0.00 | 307.209861 / P275r | 430001241 | 05/16/2024 | Ej.1 | 11/28/2019 | Books |